U.S. General Knowledge by Letter -D - Statistics

General Stats
  • This quiz has been taken 92 times
  • The average score is 13 of 20
Answer Stats
Hint Answer % Correct
2nd Biggest city in Texas Dallas
97%
U.S. State Delaware
96%
Capital of Colorado Denver
96%
Miami football team Dolphins
93%
Impeached U.S. President Donald Trump
93%
Major Michigan City Detroit
92%
South and North Dakota
83%
Ohio City Dayton
83%
Capital of Iowa Des Moines
82%
Capital of the above Dover
82%
City in Florida "Something" Beach Daytona Beach
69%
National Park in Alaska Denali
63%
Common US Spanish Name Diego
61%
Big North Carolina City Durham
49%
Big Lake Superior City Duluth
38%
National Park in California Death Valley
31%
5th Biggest City in Iowa Davenport
24%
City on the border of Iowa, Illinois and Wisconsin Dubuque
15%
West Connecticut City Danbury
11%
San Francisco Suburb Daly City
10%
No matching quizzes found
Score Distribution
Percent of People with Each Score
Percentile by Number Answered
Your Score History
You have not taken this quiz